Používame AUTOCAD. Release 10 a Release11. Release 12 /
Saved in:
| Main Author: | |
|---|---|
| Format: | Book |
| Language: | Czech |
| Published: |
České Budějovice :
Nakladatelství KOPP,
1992,1994
|
| Tags: |
No Tags, Be the first to tag this record!
|
MARC
| LEADER | 00000nam a22000003a 4500 | ||
|---|---|---|---|
| 001 | stu31014 | ||
| 005 | 20150617225735.2 | ||
| 008 | ------s--------xr------------------cze-d | ||
| 020 | |a 80-901051-4-9 | ||
| 040 | |a STU |b slo | ||
| 041 | 0 | |a cze | |
| 044 | |a xr | ||
| 080 | |a 681.3.069 | ||
| 100 | 1 | |a Zikeš, Jiří |4 aut | |
| 245 | 1 | |a Používame AUTOCAD. Release 10 a Release11. Release 12 / |c [aut.] Zikeš,Jiří | |
| 260 | |a České Budějovice : |b Nakladatelství KOPP, |c 1992,1994 | ||
| 300 | |a 214,327 s | ||
| 996 | |b J88423 |c J*88423 |l JJK3 |s P |a 0 |w stu31014_0001 | ||
| 996 | |b J89480 |c J*89480 |l JJK9 |s P |a 0 |w stu31014_0002 | ||
| 996 | |b J89554 |c J*89554 |l JJK3 |s P |a 0 |w stu31014_0004 | ||